| 000 -LEADER |
| fixed length control field |
00494nam a2200157Ia 4500 |
| 020 ## - INTERNATIONAL STANDARD BOOK NUMBER |
| ISBN |
9711041065 |
| 040 ## - CATALOGING SOURCE |
| Transcribing agency |
TVA |
| 082 ## - DEWEY DECIMAL CLASSIFICATION NUMBER |
| Classification number |
631 INT 1984 C140 Or. |
| 100 1# - MAIN ENTRY--AUTHOR NAME |
| Personal name |
Hoque, M. Zahidul |
| 245 10 - TITLE STATEMENT |
| Title |
Cropping systems in Asia : |
| Remainder of title |
on-farm research and management / |
| 260 ## - PUBLICATION, DISTRIBUTION, ETC. (IMPRINT) |
| Place of publication |
Los Ba©łos, Philippines : |
| Name of publisher |
International Rice Research Institute, |
| Year of publication |
1984 |
| 300 ## - PHYSICAL DESCRIPTION |
| Number of Pages |
196 p. : |
| Other physical details |
ill., maps ; |
| Dimensions |
23 cm |
| 650 #0 - SUBJECT ADDED ENTRY--TOPICAL TERM |
| Topical Term |
Cropping systems |
| 710 20 - ADDED ENTRY--CORPORATE NAME |
| Corporate name or jurisdiction name as entry element |
International Rice Research Institute |
| 942 ## - ADDED ENTRY ELEMENTS (KOHA) |
| Koha item type |
សៀវភៅភាសាអង់គ្លេស |
| 952 ## - LOCATION AND ITEM INFORMATION (KOHA) |
| Withdrawn status [LOCAL, KOHA] |
0 |